000 013460000a22002650004500
001 20550
003 CO-MdFUSB
005 20180622165149.0
008 160907b xxu||||| |||| 00| 0 eng d
020 _a978-0-8010-3101-4
040 _aCO-MdFUSB
_bEspañol
_cCO-MdFUSB
_dCO-MdFUSB
041 _aeng
082 _224
_aG 234.131
_bG144h
100 1 _aGaiser, Frederick J.
245 1 0 _aHealing in the Bible :
_bTheological insight for Christian ministry /
_cFrederick J. Gaiser
264 _aGrand Rapids, Michigan :
_bBaker Academic,
_c2010
300 _a276 páginas
336 _2rdacontent
_atexto
_btxt
337 _2rdamedia
_asin mediación
_bn
338 _2rdacarrier
_avolumen
_bnc
500 _aIncluye índices (p. 261-276) Rústico
501 _aEl testigo primordial del Salmo 6 - El Dios de la curación - Sanación y cultura - Sanación y oración - El costo de la curación - Reflexión sobre la enfermedad - La comunidad de sanación - El lugar de curación en la teología bíblica - La curación, la medicina, la sabiduría humana y Dios - Jesús y los demonios - ¿Jesús el chamán? - La curación y el tacto - Curación, salvación y cura – La enfermedad y el pecado - Curación en el nombre de Jesús - Curación bajo el signo de la cruz - Curación en la Biblia
653 _aSanación - curación
942 _cBK
999 _c46901
_d46901